Central Library OPAC University of Rajshahi

Journey from obscurity ; (Record no. 17971)

MARC details
000 -LEADER
fixed length control field 00861nam a2200277 a 4500
001 - CONTROL NUMBER
control field 17971
003 - CONTROL NUMBER IDENTIFIER
rucl marc code BD-RjUL
005 - DATE AND TIME OF LATEST TRANSACTION
control field 20211209000222.0
008 - FIXED-LENGTH DATA ELEMENTS--GENERAL INFORMATION
fixed length control field 140219m1965enkac 000 0ceng
035 ## - SYSTEM CONTROL NUMBER
System control number 63-05999
System control number (BD-RjUL)18029
040 ## - CATALOGING SOURCE
Original cataloging agency DLC
Transcribing agency YNG
Modifying agency SER
-- m.c
-- BD-RjUL
Language of cataloging eng
041 ## - LANGUAGE CODE
Language code of text/sound track or separate title eng
082 ## - DEWEY DECIMAL CLASSIFICATION NUMBER
Classification number 821.912
100 1# - MAIN ENTRY--PERSONAL NAME
Personal name Owen, Harold,
Dates associated with a name 1897-
9 (RLIN) 55408
245 10 - TITLE STATEMENT
Title Journey from obscurity ;
Remainder of title Wilfred Owen, 1893-1918 memoirs of the Owen family /
Statement of responsibility, etc. Harold Owen.
246 30 - VARYING FORM OF TITLE
Title proper/short title Memoirs of the Owen family.
260 ## - PUBLICATION, DISTRIBUTION, ETC. (IMPRINT)
Place of publication, distribution, etc. London :
Name of publisher, distributor, etc. Oxford University Press,
Date of publication, distribution, etc. 1965.
300 ## - PHYSICAL DESCRIPTION
Pagination xi ,263 p. :
Illustrations illus., ports ;
Size 23 cm.
505 0# - FORMATTED CONTENTS NOTE
Formatted contents note vOL.1. Childhood.-- v-2.Youth.--v.3. War.--
600 10 - SUBJECT ADDED ENTRY--PERSONAL NAME
Personal name Owen, Wilfred,
Dates associated with a name 1893-1918.
Personal name Owen family
942 ## - ADDED ENTRY ELEMENTS (KOHA)
Source of classification or shelving scheme Dewey Decimal Classification
Koha item type Books
Holdings
Lost status Source of classification or shelving scheme Damaged status Not for loan Collection code Permanent Location Current Location Shelving location Date acquired Source of acquisition Cost, normal purchase price Total Checkouts Full call number Date last seen Copy number Koha item type
  Dewey Decimal Classification   Not For Loan Non-fiction Central Library, University of Rajshahi Central Library, University of Rajshahi Reading Room 28/02/1970 Zeit 35.00   821.912 OWJ 1965 V-3 19/02/2014 C-1 Books
  Dewey Decimal Classification   Not For Loan Non-fiction Central Library, University of Rajshahi Central Library, University of Rajshahi Reading Room 24/02/1970 Zeitlinger 35.00   821.912 OWJ 1964 V-2 09/03/2020 C-1 Books
  Dewey Decimal Classification   Not For Loan Non-fiction Central Library, University of Rajshahi Central Library, University of Rajshahi Reading Room 24/02/1970 Zeitlinger 35.00   821.912 OWJ 1963 V-1 09/03/2020 C-1 Books